Statistical appendix

Bewaard in:
Bibliografische gegevens
Formaat: Boek
Taal:Undetermined
Gepubliceerd in: Tokyo Research Development Corporation of Japan (JRDC) 1982
Onderwerpen:
Tags: Voeg label toe
Geen labels, Wees de eerste die dit record labelt!
Thư viện lưu trữ: Trung tâm Học liệu Trường Đại học Cần Thơ
LEADER 00452nam a2200169Ia 4500
001 CTU_99732
008 210402s9999 xx 000 0 und d
082 |a 338.47 
082 |b S797 
245 0 |a Statistical appendix 
260 |a Tokyo 
260 |b Research Development Corporation of Japan (JRDC) 
260 |c 1982 
650 |a Machinery industry 
650 |z Japan 
904 |i Năm 
980 |a Trung tâm Học liệu Trường Đại học Cần Thơ